Pteridófitas ocorrentes em fragmentos de Floresta Serrana no estado de Pernambuco, Brasil (Registro n. 327969)
[ somente texto ]
| 000 -LÍDER | |
|---|---|
| fixed length control field | 03934nab a2200301 i 4500 |
| 003 - CÓDIGO MARC DA AGÊNCIA CATALOGADORA | |
| Campo de controle | BR-BrBNA |
| 005 - DATA E HORA DA ÚLTIMA ATUALIZAÇÃO | |
| Campo de controle | 20241007130434.0 |
| 008 - CAMPO DE TAMANHO FIXO | |
| fixed length control field | 241007b2003 bl.qr|pooa||| 00| 0 por | |
| 040 ## - FONTE DA CATALOGAÇÃO | |
| Agência catalogadora | BR-BrBNA |
| Idioma da catalogação | por |
| 072 ## - CATEGORIA AGRIS | |
| Código AGRIS | F70 |
| 072 ## - CATEGORIA AGRIS | |
| Código AGRIS | F40 |
| 072 ## - CATEGORIA AGRIS | |
| Código AGRIS | K10 |
| 100 ## - ENTRADA PRINCIPAL - NOME PESSOAL | |
| Nome pessoal | Xavier, Sergio Romero da Silva |
| 100 ## - ENTRADA PRINCIPAL - NOME PESSOAL | |
| Nome pessoal | Barros, Iva Carneiro Leão |
| 245 ## - TÍTULO PRINCIPAL | |
| Título principal | Pteridófitas ocorrentes em fragmentos de Floresta Serrana no estado de Pernambuco, Brasil |
| 500 ## - NOTA GERAL | |
| Nota geral | Publicação on-line; 41 ref.; 1 table; 6 illus.; Summaries (En, Pt) |
| 942 ## - ADDED ENTRY ELEMENTS (KOHA) | |
| Koha item type | Analítica |
| 520 ## - NOTA DE RESUMO | |
| Nota de conteúdo | <br/><br/>Resumo<br/><br/>Foi realizado um levantamento florístico e análise de aspectos ecológicos das pteridófitas<br/>ocorrentes no brejo de Serra Negra em Bezerros, estado de Pernambuco, Brasil. Caracterizada<br/>como Brejo de Altitude ou Floresta Serrana, a área de estudo apresenta flora diferenciada da<br/>vegetação semi-árida que a cerca, por isso, os Brejos de Altitude, em especial a Serra Negra de<br/>Bezerros, atualmente estão sofrendo acelerado processo de devastação. Em um período de um<br/>ano, foram encontradas 31 táxons específicos, sendo a família Polypodiaceae a mais representativa<br/>com 46% dos registros. A espécie Trichomanes angustifrons (Fée) Wess. Boer destaca-se como<br/>novo registro para o Nordeste do Brasil. Os aspectos ecológicos que predominaram no brejo de<br/>Serra Negra de Bezerros foram o hábito herbáceo, o habitat rupícola, o tipo de ambiente mesófilo,<br/>a forma de vida hemicriptófita e os afloramentos rochosos como ambientes preferenciais. O fator<br/>condicionante da área ainda possuir certa diversidade específica, mesmo com a ampla restrição da<br/>mata nativa é que foram mantidas importantes condições ambientais necessárias para a sobrevivência<br/>da pteridoflora, como temperaturas baixas, umidade relativa do ar elevada e garoa noturna e matinal<br/>sempre presente.<br/><br/>Palavras-chave: Bezerros, Brejo de Altitude, Floresta Serrana, Pernambuco, pteridófitas. |
| 520 ## - NOTA DE RESUMO | |
| Nota de conteúdo | <br/><br/>Abstract<br/><br/>A floristic survey and analysis of ecological aspects of the pteridophytes occurring at the<br/>brejo of Serra Negra, Municipality of Bezerros, State of Pernambuco – Brazil, was conducted. The<br/>study site, characterized as Brejo de Altitude or Floresta Serrana, presents a flora that distinguishes<br/>itself from the surrounding semi-arid vegetation. Therefore, the Brejos de Altitude and particularly<br/>the Serra Negra of Bezerros are currently going through a very intense devastation process. Thirtyone <br/>specific taxa have been found in a period of a year, among which the Polypodiaceae is well<br/>represented comprising 46% of these registers. The species Trichomanes angustifrons (Fée)<br/>Wess. Boer stands out as a new register for Northeastern Brazil. The predominant ecological<br/>aspects observed at the brejo of Serra Negra of Bezerros were herbaceous habit, lithophytic habitat,<br/>a mesophylous type of environment, life form hemicryptophyte and the rocky formations as preferential<br/>environments. Despite the highly restricted native vegetation, the area still owns conditioning factors<br/>for the occurrence of a certain diversity of species. These factors are important environmental<br/>conditions such as low temperatures, high relative air humidity, and night and morning mist. These<br/>conditions have been maintained, and are important and necessary to the survival of the pteridophyte<br/>flora.<br/><br/>Keywords: Bezerros, Brejo de Altitude, Floresta Serrana, Pernambuco, pteridophytes. |
| 650 ## - ASSUNTO - THESAGRO | |
| Cabeçalho tópico ou nome geográfico | BEZERRO |
| 650 ## - ASSUNTO - THESAGRO | |
| Cabeçalho tópico ou nome geográfico | BREJO |
| 650 ## - ASSUNTO - THESAGRO | |
| Cabeçalho tópico ou nome geográfico | FLORESTA |
| 650 ## - ASSUNTO - THESAGRO | |
| Cabeçalho tópico ou nome geográfico | PTERIDÓFITA |
| 650 ## - ASSUNTO - THESAGRO | |
| Cabeçalho tópico ou nome geográfico | PERNAMBUCO |
| 773 0# - ENTRADA ANALÍTICA | |
| Host Biblionumber | 709 |
| Registro do item | 345123 |
| Imprenta | Rio de Janeiro-RJ Jardim Botanico do Rio de Janeiro 1935 |
| Outro identificador | 2024-5562 |
| Título | Rodriguésia (Brazil) |
| ISSN | 0370-6583; 2175-7860 on-line |
| Colação | v. 54(83) p. 13-21; (2003) |
| Número de controle de registro | BR2024003196 |
| 856 ## - ACESSO E ENDEREÇO ELETRÔNICO | |
| Identificador uniforme de recurso - URI | https://www.scielo.br/j/rod/a/zmsFqnrDrNvM3pJZkLKgWDn/?format=pdf&lang=pt |
Nenhum exemplar disponível.

BINAGRI